000 00210nam a22000857a 4500
008 161228b xxu||||| |||| 00| 0 eng d
100 _92207
_aVedam.C.J
245 _aComputer Era Net-1
260 _aNew Delhi
_bG.L
_c2011
999 _c5095
_d5095